| Поле | Инд. | ПП | Название | Значение |
|---|---|---|---|---|
| Тип записи | a | |||
| Библиографический уровень | b | |||
| 001 | Контрольный номер | a9d22f86871d492794915f8583058a55 | ||
| 005 | Дата корректировки | 20220427155223.0 | ||
| 024 | 80 | a | Стандартный номер | 10.3367/UFNe.2020.11.038886 |
| 040 | a | Служба первич. каталог. | Scopus | |
| 041 | 0_ | a | Код языка текста | eng |
| 097 | a | Костяева О.Г. | ||
| 100 | 1_ | q | Полное имя | Балагуров Анатолий Михайлович |
| g | Прочие сведения | РИНЦ AuthorID: 307 (http://elibrary.ru/author_profile.asp?id= 307); SPIN-код: 9097-4000 (http://elibrary.ru/author_items.asp?authorid=307); Scopus Author ID: 7006758479 (https://www.scopus.com/authid/detail.uri?origin=resultslist&authorId=7006758479&zone=) | ||
| a | Автор | Balagurov A. M. | ||
| u | Дополнение | Балагуров А. М.; Balagurov Anatoly M. | ||
| c | Титул (звания) | профессор (ученое звание); доктор физико-математических наук; профессор (должность) | ||
| i | 100093204 | |||
| k | Кафедра нанотехнологий и новых материалов; Факультет естественных и инженерных наук | |||
| 100 | 1_ | a | Автор | Golovin I. S. |
| 245 | 10 | a | Заглавие | Neutron scattering in studies of Fe-based functional alloys (Fe-Ga, Fe-Al) |
| 773 | 18 | t | Название источника | Physics-Uspekhi |
| b | Сведения об издании | Turpion Limited | ||
| b | Сведения об издании | IOP Publishing Ltd. | ||
| c | United Kingdom | |||
| d | Место и дата издания | 2021 | ||
| m | Специф. данные | входит в Scopus; входит в WoS; входит в ядро РИНЦ; ненулевой импакт-фактор | ||
| p | Phys. Usp. | |||
| o | Прочие индексы | scopus 0.81 | ||
| x | ISSN | 1063-7869 | ||
| q | Q2 Scopus 2020; Q2 WoS 2020 | |||
| n | Примечание | Успехи физических наук | ||
| g | Прочая информация | V. 64. - №7. - P. 702 - 721 | ||
| w | Контрольный № источника | 271c1318afe54c3bba74688ba6b251f5 | ||
| 901 | t | Тип документа | b | |
| 952 | c | Вид литературы | статья в журнале |